000
00370nam a2200169Ia 4500
003
0STCL
008
150530s9999 xx 000 0 und d
040
_a
STCL
_c
STCL
100
_a
Guy Routh
245
_a
Origin of economic ideas
250
_a
First
260
_b
Macmillan
_c
1977
546
_a
English
942
_2
ddc
_c
BK
999
_c
7549
_d
7549
005
20220125165451.0